| 000 | 00552nam a22001817a 4500 | ||
|---|---|---|---|
| 003 | OSt | ||
| 005 | 20250826011637.0 | ||
| 008 | 250826b |||||||| |||| 00| 0 eng d | ||
| 020 | _a978-1-4051-4597-8. | ||
| 040 |
_aDWC-Main Lib. _cOC |
||
| 100 | _aCULLUM, NICKY | ||
| 245 |
_aEvidence-based nursing : _ban introduction/ _cCULLLUM, NICKY |
||
| 260 |
_aUK : _bBlackwell Pub. Ltd., _cc2008. |
||
| 300 |
_axxii, 312 p. ; _c24 cm. |
||
| 504 | _aIncludes bibliographical references and index. | ||
| 650 | _aNursing. | ||
| 942 |
_2ddc _cBK-CIRC _hcIRC. _n0 |
||
| 999 |
_c4217 _d4217 |
||